Moderní metody řešení parciálních diferenciálních rovnic

Salvato in:
Dettagli Bibliografici
Natura: Libro
Lingua:ceco
Pubblicazione: Praha Stát. ped. nakl. 1986
Edizione:2. vyd.
Tags: Aggiungi Tag
Nessun Tag, puoi essere il primo ad aggiungerne!!

MARC

LEADER 00000nam a2200000 4500
001 c103239
005 20260123124905.3
041 0 |a cze 
044 |a CZ 
245 1 0 |a Moderní metody řešení parciálních diferenciálních rovnic  |c Pavel Doktor 
250 |a 2. vyd. 
264 1 |a Praha  |b Stát. ped. nakl.  |c 1986 
300 |a 112 s.